| 000 | 00382nam a22001577a 4500 | ||
|---|---|---|---|
| 003 | NUST - PNEC | ||
| 005 | 20170116181039.0 | ||
| 008 | 150921b xxu||||| |||| 00| 0 eng d | ||
| 040 | _cLIBRARY | ||
| 082 | _a624.1772 VLA | ||
| 100 |
_911542 _aVlasov, V. Z |
||
| 245 |
_aThin-walled elastic beams _cVlasov, V. Z |
||
| 260 | _cc 1963 | ||
| 650 |
_911543 _aGirders |
||
| 942 |
_2ddc _cBK |
||
| 999 |
_c68043 _d68043 |
||